000 00717nam a2200217Ia 4500
003 GCL
008 140319s9999 xx 000 0 ara d
040 _aGCL /
_cGCL
082 0 4 _a709.02
_bن ف
100 1 _aنعمت اسماعيل علام
245 1 0 _aفنون الشرق الاوسط فى الفترات الهيلينستية - المسيحية - الساسانية /
_cنعمت اسماعيل علام
260 _a[S.N] :
_bدار المعارف ،
_c1991
300 _a167 ص
490 _a
650 0 4 _aالشرق الاوسط
650 0 4 _aالفنون
650 0 4 _aالفنون التشكيلية
650 0 4 _aالفن القديم
650 0 4 _aالفن المسيحى
942 _2ddc
_cBK
999 _c55212
_d55212